[Event "Sachsen-ch Seniors op"]
[Site "Dresden"]
[Date "2016.11.06"]
[Round "7"]
[White "Wagner, Lothar"]
[Black "Brettschneider, Karl"]
[Result "0-1"]
[WhiteElo "1821"]
[BlackElo "2063"]
[PlyCount "88"]
[EventDate "2016.10.31"]
[EventType "swiss"]
[EventRounds "9"]
[EventCountry "GER"]
[SourceTitle "EXT 2019"]
[Source "ChessBase"]
[SourceDate "2018.10.10"]
[SourceVersion "1"]
[SourceVersionDate "2018.10.10"]
[SourceQuality "1"]

1. d4 f5 2. c4 Nf6 3. Nc3 e6 4. g3 d5 5. cxd5 exd5 6. Bg2 c6 7. Nf3 Be7 8. Bg5 Nbd7 9. Qc2 Ne4 10. Bxe7 Qxe7 11. a3 0-0 12. e3 Ndf6 13. h3 Bd7 14. Ne2 Rae8 15. Ne5 Bc8 16. f3 Nd6 17. 0-0 Nd7 18. f4 Ne4 19. Kh2 Ndf6 20. Nc1 g6 21. Ncd3 Qg7 22. Bf3 g5 23. Rg1 g4 24. hxg4 fxg4 25. Bxe4 Nxe4 26. Kg2 Re6 27. Rh1 Rh6 28. Rxh6 Qxh6 29. Rh1 Qg7 30. Rh4 Bf5 31. Qd1 Nf6 32. Nf2 h5 33. Qh1 a6 34. Qh2 Re8 35. Qg1 Kf8 36. Qc1 Qe7 37. b4 Kg7 38. Qh1 Rh8 39. Qd1 Rh6 40. Qc1 Nd7 41. Qc3 Nf8 42. Qc5 Ng6 43. Nxg6 Kxg6 44. Qc3 Rh7 0-1

[Event "Sachsen-ch Seniors op"]
[Site "Dresden"]
[Date "2016.11.04"]
[Round "5"]
[White "Wagner, Lothar"]
[Black "Schroeder, Klaus"]
[Result "1-0"]
[WhiteElo "1821"]
[BlackElo "1886"]
[PlyCount "57"]
[EventDate "2016.10.31"]
[EventType "swiss"]
[EventRounds "9"]
[EventCountry "GER"]
[SourceTitle "EXT 2019"]
[Source "ChessBase"]
[SourceDate "2018.10.10"]
[SourceVersion "1"]
[SourceVersionDate "2018.10.10"]
[SourceQuality "1"]

1. d4 d5 2. c4 e6 3. Nc3 Nf6 4. Bg5 Be7 5. e3 0-0 6. Nf3 h6 7. Bh4 b6 8. cxd5 exd5 9. Be2 Bb7 10. 0-0 Nbd7 11. Rc1 c5 12. h3 a6 13. Ne5 Nxe5 14. dxe5 Nd7 15. Bg3 f6 16. e6 Ne5 17. b3 d4 18. exd4 cxd4 19. Na4 Ba3 20. Bxe5 Bxc1 21. Bxd4 Ba3 22. Nxb6 Re8 23. Bc4 Re7 24. Nxa8 Qxa8 25. Qg4 Qf8 26. Rd1 f5 27. Qg6 Bc8 28. Bb6 Rxe6 29. Bxe6+ 1-0

[Event "Sachsen-ch Seniors op"]
[Site "Dresden"]
[Date "2016.11.02"]
[Round "3"]
[White "Wagner, Lothar"]
[Black "Van Houten, Henk"]
[Result "1-0"]
[WhiteElo "1821"]
[BlackElo "1651"]
[PlyCount "102"]
[EventDate "2016.10.31"]
[EventType "swiss"]
[EventRounds "9"]
[EventCountry "GER"]
[SourceTitle "EXT 2019"]
[Source "ChessBase"]
[SourceDate "2018.10.10"]
[SourceVersion "1"]
[SourceVersionDate "2018.10.10"]
[SourceQuality "1"]

1. d4 d5 2. c4 e6 3. Nc3 Nf6 4. Nf3 c6 5. Bg5 Be7 6. e3 Nbd7 7. h3 0-0 8. Bd3 Re8 9. 0-0 a6 10. Bf4 Nf8 11. c5 N6d7 12. Qc2 f5 13. Ne5 Nxe5 14. Bxe5 Ng6 15. Bh2 Bf6 16. Na4 Nh4 17. Nb6 Ra7 18. f4 Ng6 19. Rae1 Nf8 20. a4 g6 21. Kh1 Nd7 22. a5 Nxb6 23. axb6 Ra8 24. g4 Re7 25. Rg1 Bg7 26. Qf2 Bd7 27. Bg3 Rf7 28. Rg2 Qf8 29. Qe2 Bc8 30. Reg1 Bd7 31. Be1 Re8 32. Rh2 Bc8 33. Kg2 Bf6 34. g5 Bd8 35. h4 Ree7 36. h5 Rg7 37. Rgh1 gxh5 38. Qxh5 Qf7 39. Qh3 Bd7 40. Kf2 Be8 41. Be2 Qf8 42. Kf1 Bg6 43. Bh5 Qf7 44. Qf3 Qe8 45. Bxg6 Rxg6 46. Rh6 Rxh6 47. gxh6 Rf7 48. Qh5 Kf8 49. Rg1 Bf6 50. Bh4 Bxh4 51. Qxh4 Qe7 1-0

[Event "GER-chB Seniors 28th"]
[Site "Niederhausen"]
[Date "2016.08.14"]
[Round "2"]
[White "Wagner, Lothar"]
[Black "Reeh, Axel"]
[Result "1-0"]
[WhiteElo "1828"]
[BlackElo "1760"]
[PlyCount "39"]
[EventDate "2016.08.13"]
[EventType "swiss"]
[EventRounds "9"]
[EventCountry "GER"]
[SourceTitle "EXT 2019"]
[Source "ChessBase"]
[SourceDate "2018.10.10"]
[SourceVersion "1"]
[SourceVersionDate "2018.10.10"]
[SourceQuality "1"]

1. d4 Nf6 2. c4 g6 3. Nc3 Bg7 4. Nf3 d6 5. e4 0-0 6. Be2 c6 7. Be3 Ng4 8. Bf4 Qb6 9. Qd2 e5 10. Be3 Nxe3 11. fxe3 Nd7 12. 0-0 Bh6 13. Rab1 a5 14. Kh1 Qd8 15. Rbd1 Qe7 16. Qd3 Nf6 17. h3 Nh5 18. Kh2 Nf6 19. dxe5 dxe5 20. Qd6 1-0

[Event "GER-chB Seniors 28th"]
[Site "Niederhausen"]
[Date "2016.08.13"]
[Round "1"]
[White "Ott, Lothar"]
[Black "Wagner, Lothar"]
[Result "0-1"]
[WhiteElo "1637"]
[BlackElo "1828"]
[PlyCount "64"]
[EventDate "2016.08.13"]
[EventType "swiss"]
[EventRounds "9"]
[EventCountry "GER"]
[SourceTitle "EXT 2019"]
[Source "ChessBase"]
[SourceDate "2018.10.10"]
[SourceVersion "1"]
[SourceVersionDate "2018.10.10"]
[SourceQuality "1"]

1. d4 Nf6 2. Nf3 g6 3. c4 Bg7 4. Nc3 0-0 5. e4 d6 6. Be2 e5 7. dxe5 dxe5 8. 0-0 Nc6 9. Bg5 h6 10. Bh4 Be6 11. Nd5 g5 12. Nxf6+ Bxf6 13. Bg3 Qe7 14. Qc2 g4 15. Ne1 Nd4 16. Qd2 Bg5 17. Qd3 Rad8 18. Kh1 Nxe2 19. Qxe2 Rd2 20. Qxd2 Bxd2 21. Bxe5 Bxc4 22. Nd3 Bxd3 23. Rfd1 Qxe5 24. Rxd2 Bxe4 25. Rad1 Bc6 26. Kg1 Qe4 27. f3 Qe3+ 28. Rf2 gxf3 29. g3 Re8 30. h4 Qc5 31. Rdd2 Re2 32. Kf1 Qxf2# 0-1

[Event "Hessen-ch Seniors op 10th"]
[Site "Bad Sooden-Allendorf"]
[Date "2014.05.03"]
[Round "8"]
[White "Voeller, Lothar"]
[Black "Wagner, Lothar"]
[Result "0-1"]
[WhiteElo "1561"]
[BlackElo "1796"]
[PlyCount "62"]
[EventDate "2014.04.26"]
[EventType "swiss"]
[EventRounds "9"]
[EventCountry "GER"]
[SourceTitle "EXT 2018"]
[Source "ChessBase"]
[SourceDate "2017.10.13"]
[SourceVersion "1"]
[SourceVersionDate "2017.10.13"]
[SourceQuality "1"]

1. b3 Nf6 2. Bb2 g6 3. c4 Bg7 4. h3 d6 5. g4 e5 6. Bg2 Nc6 7. d3 0-0 8. Nf3 Qe7 9. Nbd2 Nd8 10. Qc2 Bd7 11. Ba3 Bc6 12. 0-0-0 a5 13. g5 Nh5 14. Ne4 b6 15. e3 f5 16. gxf6 Nxf6 17. Rhg1 Kh8 18. Rh1 Nh5 19. Rdg1 Bh6 20. Bb2 Bg7 21. Qe2 Bxe4 22. dxe4 Ne6 23. h4 Rf7 24. Bh3 Nc5 25. Ng5 Rxf2 26. Qg4 Nd3+ 27. Kb1 Rxb2+ 28. Ka1 Rf2 29. Nxh7 Ndf4 30. exf4 exf4+ 31. Kb1 Qxe4+ 0-1

[Event "Hessen-ch Seniors op 10th"]
[Site "Bad Sooden-Allendorf"]
[Date "2014.04.30"]
[Round "5"]
[White "Stimpel, Franz"]
[Black "Wagner, Lothar"]
[Result "1-0"]
[WhiteElo "2128"]
[BlackElo "1796"]
[PlyCount "57"]
[EventDate "2014.04.26"]
[EventType "swiss"]
[EventRounds "9"]
[EventCountry "GER"]
[SourceTitle "EXT 2018"]
[Source "ChessBase"]
[SourceDate "2017.10.13"]
[SourceVersion "1"]
[SourceVersionDate "2017.10.13"]
[SourceQuality "1"]

1. d4 Nf6 2. c4 g6 3. Nc3 Bg7 4. e4 d6 5. Be2 0-0 6. Bg5 e5 7. d5 a5 8. Qd2 Na6 9. f3 h6 10. Be3 Kh7 11. Bd3 b6 12. Nge2 Nc5 13. Bc2 Bd7 14. b3 Ng8 15. g4 f5 16. gxf5 gxf5 17. 0-0-0 f4 18. Bf2 Bf6 19. a4 Ne7 20. Nxf4 Ng6 21. Nxg6 Kxg6 22. Be3 Kf7 23. Bxh6 Bh4 24. Bxf8 Bg5 25. f4 Bxf4 26. Rdf1 Qxf8 27. Rxf4+ exf4 28. Qxf4+ Kg7 29. Rg1+ 1-0

[Event "Marianske Lazne op"]
[Site "Marianske Lazne"]
[Date "2008.01.20"]
[Round "2"]
[White "Rzoska, Kamil"]
[Black "Wagner, Lothar"]
[Result "1/2-1/2"]
[WhiteElo "2172"]
[BlackElo "2030"]
[PlyCount "104"]
[EventDate "2008.01.19"]
[EventType "swiss"]
[EventRounds "9"]
[EventCountry "CZE"]
[SourceTitle "CBM 122 Extra"]
[Source "ChessBase"]
[SourceDate "2008.03.04"]
[SourceVersion "1"]
[SourceVersionDate "2008.03.04"]
[SourceQuality "1"]

1. e4 e6 2. d4 d5 3. Nd2 Nf6 4. e5 Nfd7 5. Bd3 c5 6. c3 Nc6 7. Ne2 cxd4 8. cxd4 Qb6 9. Nf3 f6 10. exf6 Nxf6 11. 0-0 Bd6 12. Bf4 Qc7 13. Bxd6 Qxd6 14. Ng3 0-0 15. Re1 Bd7 16. Rc1 Rae8 17. Ne5 Nxd4 18. Bxh7+ Nxh7 19. Qxd4 Bc8 20. Qxa7 Qb4 21. b3 Nf6 22. Qc5 Qd2 23. Re2 Qh6 24. Rce1 Nh5 25. Nxh5 Qxh5 26. Qd4 Rf5 27. h3 Ref8 28. Ng4 Qf7 29. Re5 Rf4 30. Qd2 b6 31. Rg5 Qc7 32. Rc1 Qd6 33. Qc3 Qe7 34. Qe5 Re4 35. Rc7 Bd7 36. Rxd7 Rxe5 37. Rxe7 Rxg5 38. Rxe6 b5 39. Rd6 Ra8 40. f4 Rf5 41. Ne3 Rxf4 42. Nxd5 Rd4 43. Nc7 Rxa2 44. Nxb5 Rb4 45. Nc3 Ra1+ 46. Kh2 Rxb3 47. Ne4 Ra2 48. Ng5 Ra8 49. h4 Rba3 50. g3 R3a6 51. Rd7 R6a7 52. Rd6 Ra6 1/2-1/2